Get to the bottom of it (Record no. 79909)

MARC details
000 -LEADER
fixed length control field 01204cab a22002175a 4500
001 - CONTROL NUMBER
control field L142674
008 - FIXED-LENGTH DATA ELEMENTS--GENERAL INFORMATION
fixed length control field 080227e20080223xxk f 000 0 eng d
035 ## - SYSTEM CONTROL NUMBER
System control number (Sirsi) u142674
041 0# - LANGUAGE CODE
Language code of text/sound track or separate title eng
100 1# - MAIN ENTRY--PERSONAL NAME
Personal name Ingram, Andrew
245 00 - TITLE STATEMENT
Title Get to the bottom of it
260 ## - PUBLICATION, DISTRIBUTION, ETC.
Date of publication, distribution, etc. 2008
490 ## - SERIES STATEMENT
Series statement Estates Gazette
Volume/sequential designation (0807) 23 February 2008, 138-139(2)
520 ## - SUMMARY, ETC.
Summary, etc. Mainly for Students article considers the difficulties involved in identifying the guilty party when land becomes contaminated. The principle set out in the Environment Act 1995 is that the polluter should pay for remediation. A remediation notice should be served upon a person representing the party responsible for the pollution or who knowingly permitted the contamination. The notice specifies the required works to be carried out. The secretary of state's guidance is consulted when more than one guilty party is identified. Notes a lack of litigation and covers one of the few significant cases available.
590 ## - LOCAL NOTE (RLIN)
Local note KA
650 24 - SUBJECT ADDED ENTRY--TOPICAL TERM
Topical term or geographic name entry element ENVIRONMENT ACT 1995
650 24 - SUBJECT ADDED ENTRY--TOPICAL TERM
Topical term or geographic name entry element ENVIRONMENTAL PROTECTION ACT 1990 S78
651 #4 - SUBJECT ADDED ENTRY--GEOGRAPHIC NAME
Geographic name United Kingdom
Chronological subdivision
690 ## - LOCAL SUBJECT ADDED ENTRY--TOPICAL TERM (OCLC, RLIN)
Topical term or geographic name as entry element PROPERTY-RURAL AND NATURAL ASSETS-LAND-CONTAMINATED LAND
942 ## - ADDED ENTRY ELEMENTS (KOHA)
Suppress in OPAC 0
Holdings
Withdrawn status Lost status Source of classification or shelving scheme Damaged status Not for loan Home library Current library Shelving location Date acquired Total Checkouts Full call number Barcode Date last seen Copy number Price effective from Koha item type
    Dewey Decimal Classification     London London Journal article 27/02/2008   L142674 142674-1001 06/08/2019 1 06/08/2019 Journal article